| 000 | 01118nam a2200193 i 4500 | ||
|---|---|---|---|
| 001 | 170553 | ||
| 003 | ES-MaACL | ||
| 005 | 20230906214409.0 | ||
| 008 | 090316s1909 sp |||| | spa d | ||
| 080 | _a94(460) | ||
| 245 | 0 | 0 |
_aMemorias de la Real Academia de la Historia. _nTomo XIV. |
| 260 |
_aMadrid : _b[s.n.], _c1909 ( _fEst. tip. de Jaime Ratés) |
||
| 300 |
_a553 p., 29 h. de lám. : _bil. ; _c27 cm. |
||
| 505 | 8 | _aContiene : Estudios críticos acerca de los orígenes y vicisitudes de la legislación escrita del antiguo reino de Valencia / Manuel Danvila y Collado.Investigaciones histórico-críticas acerca de las cortes y parlamentos del antiguo reino de Valencia / por Manuel Danvila y Collado. Villaricos y Herrerías : antigüedades púnicas, romanas, visigóticas y árabes : memoria descriptiva é histórica / por Luis Siret. Elogio del p. fray José de Sigüenza / Juan Catalina García | |
| 610 | 2 | 4 |
_aReal Academia de la Historia (España)- _vMemorias. _9152005 |
| 651 | 4 |
_aEspaña- _xHistoria. _98209 |
|
| 710 | 2 |
_aReal Academia de la Historia (España) _96309 |
|
| 852 |
_aES-MaACL _jR-2772 |
||
| 999 |
_c170553 _d170553 |
||